00354nam a2200145Ia 4500008004100000020001800041041000800059082001200067100000900079245003600088260003200124300000900156500001700165650002600182220803s9999 xx 000 0 und d a0-7134-8793-3 aeng a722 RIB aRIBA aArchitecture 02 The Riba Awards aLondonbB T Batsford c2002 a173p aArchitecture aArchitectural History